Cricket (Record no. 7072)

MARC details
000 -LEADER
fixed length control field 00584nam a2200229 i 4500
001 - CONTROL NUMBER
control field C2-0060071
003 - CONTROL NUMBER IDENTIFIER
control field PPAK
005 - DATE AND TIME OF LATEST TRANSACTION
control field 20190630222107.0
008 - FIXED-LENGTH DATA ELEMENTS--GENERAL INFORMATION
fixed length control field 970302s1984 enka|||| ||||| | eng d
020 ## - INTERNATIONAL STANDARD BOOK NUMBER
International Standard Book Number 0600347850
040 ## - CATALOGING SOURCE
Original cataloging agency PPAK
Language of cataloging eng
Transcribing agency PPAK
Description conventions rda
082 04 - DEWEY DECIMAL CLASSIFICATION NUMBER
Classification number 796.358
Edition number 23
090 00 - LOCALLY ASSIGNED LC-TYPE CALL NUMBER (OCLC); LOCAL CALL NUMBER (RLIN)
Classification number (OCLC) (R) ; Classification number, CALL (RLIN) (NR) 796.358
Feature heading FAR
Feature heading R
100 1# - MAIN ENTRY--PERSONAL NAME
Personal name Farmer, Bob,
Relator term author
245 10 - TITLE STATEMENT
Title Cricket
264 #1 - PRODUCTION, PUBLICATION, DISTRIBUTION, MANUFACTURE, AND COPYRIGHT NOTICE
Place of production, publication, distribution, manufacture London :
Name of producer, publisher, distributor, manufacturer Hamlyn ,
Date of production, publication, distribution, manufacture, or copyright notice 1984
300 ## - PHYSICAL DESCRIPTION
Extent 60 pages :
Other physical details illustrations ;
Dimensions 24 cm
336 ## - CONTENT TYPE
Source rdacontent
Content type term text
337 ## - MEDIA TYPE
Source rdamedia
Media type term unmediated
338 ## - CARRIER TYPE
Source rdacarrier
Carrier type term volume
942 ## - ADDED ENTRY ELEMENTS (KOHA)
-- dc
Koha item type Book
Holdings
Withdrawn Not for loan Current library Shelving location Date acquired Full call number Barcode Date last seen Koha item type Total Checkouts
  Not For Loan Perpustakaan Alor Setar Rujukan Dewasa 16/07/1998 R 796.358 FAR A00109617 08/05/2018 Book  
  Not For Loan Perpustakaan Jitra Rujukan Dewasa 22/03/2004 R 796.358 FAR A00846496 08/05/2018 Book  
  Not For Loan Perpustakaan Kulim Rujukan Dewasa 30/03/2004 R 796.358 FAR A00343580 08/05/2018 Book  
  Not For Loan Perpustakaan Yan Rujukan Dewasa 22/03/2004 R 796.358 FAR A00163062 17/11/2021 Book